The Cambridge atlas of astronomy / (Record no. 11930)

MARC details
000 -LEADER
campo de control de longitud fija 00626nam a2200217 i 4500
001 - NÚMERO DE CONTROL
campo de control 11930
003 - IDENTIFICADOR DE NÚMERO DE CONTROL
campo de control ES-MaACL
005 - FECHA Y HORA DE LA ÚLTIMA TRANSACCIÓN
campo de control 20230906150214.0
007 - CAMPO FIJO DE DESCRIPCIÓN FÍSICA--INFORMACIÓN GENERAL
campo de control de longitud fija t|
008 - DATOS DE LONGITUD FIJA--INFORMACIÓN GENERAL
campo de control de longitud fija 970110s1994 xxu ||||1| eng d
020 ## - NÚMERO INTERNACIONAL ESTÁNDAR DEL LIBRO
Número Internacional Estándar del Libro 0-521-43438-6
080 ## - NÚMERO DE LA CLASIFICACIÓN DECIMAL UNIVERSAL
Número de la Clasificación Decimal Universal 52(084.4)
245 04 - MENCIÓN DEL TÍTULO
Título The Cambridge atlas of astronomy /
Mención de responsabilidad, etc. edited by Jean Audouze and Guy Israël.
250 ## - MENCION DE EDICION
Mención de edición 3th. ed.
260 ## - PUBLICACIÓN, DISTRIBUCIÓN, ETC.
Lugar de publicación, distribución, etc. Cambridge :
Nombre del editor, distribuidor, etc. University Press,
Fecha de publicación, distribución, etc. 1994.
300 ## - DESCRIPCIÓN FÍSICA
Extensión 470 p. :
Otras características físicas il. ;
Dimensiones 37 cm.
650 ## - PUNTO DE ACCESO ADICIONAL DE MATERIA--TÉRMINO DE MATERIA
Término de materia o nombre geográfico como elemento de entrada Astronomía-
Subdivisión de forma Atlas.
9 (RLIN) 10387
700 1# - ENTRADA AGREGADA--NOMBRE PERSONAL
Nombre de persona Audouze, Jean.
9 (RLIN) 23869
700 1# - ENTRADA AGREGADA--NOMBRE PERSONAL
Nombre de persona Israel, Guy.
9 (RLIN) 65595
852 ## - LOCALIZACIÓN
Ubicación ES-MaACL
Número de control de estantería C-10842
Sublocalización o colección R.125130
Holdings
Estatus retirado Estado de pérdida Estado de daño No para préstamo Biblioteca de origen Biblioteca actual Ubicación en estantería Fecha de adquisición Fuente de adquisición Total de préstamos Signatura topográfica completa Código de barras Visto por última vez Precio de reemplazo Tipo de ítem Koha
        Biblioteca del Ateneo de Madrid Biblioteca del Ateneo de Madrid Sala Palomar 17/01/2008     C-10842 1012157 23/02/2023 23/02/2023 Libro impreso